000 00313nam a2200121Ia 4500
005 20251222155123.0
008 251222s9999||||xx |||||||||||||| ||spa||
082 _aENC. 05.6
100 _aGUERRA, Margarita
245 0 _aHistoria General del PerĂº - Tomo VI La Independencia
264 _bNo tiene
942 _cLIB
999 _c38527
_d38527